L'irresponsabilité pénale en questions / (notice nᵒ 13601)
[ vue normale ]
| 000 -LEADER | |
|---|---|
| fixed length control field | 02204 a2200313 4500 |
| 001 - CONTROL NUMBER | |
| control field | OB-putc-24065 |
| 003 - CONTROL NUMBER IDENTIFIER | |
| control field | FrMaCLE |
| 005 - DATE AND TIME OF LATEST TRANSACTION | |
| control field | 20251214082817.0 |
| 007 - PHYSICAL DESCRIPTION FIXED FIELD--GENERAL INFORMATION | |
| fixed length control field | cu ||||||m|||| |
| 008 - FIXED-LENGTH DATA ELEMENTS--GENERAL INFORMATION | |
| fixed length control field | 251001e||||||||xx |||||s|||||||||0|fr|d |
| 020 ## - INTERNATIONAL STANDARD BOOK NUMBER | |
| International Standard Book Number | 978-2-37928-140-2 |
| 024 7# - OTHER STANDARD IDENTIFIER | |
| Standard number or code | 10.4000/14u50 |
| Source of number or code | doi |
| 040 ## - CATALOGING SOURCE | |
| Original cataloging agency | FR-FrMaCLE |
| 041 ## - LANGUAGE CODE | |
| Language code of text/sound track or separate title | fra |
| 100 1# - MAIN ENTRY--PERSONAL NAME | |
| Personal name | Cazalbou, Paul |
| 245 10 - TITLE STATEMENT | |
| Title | L'irresponsabilité pénale en questions / |
| Statement of responsibility, etc. | Paul Cazalbou, Méryl Recotillet. |
| 260 ## - PUBLICATION, DISTRIBUTION, ETC. | |
| Place of publication, distribution, etc. | Toulouse : |
| Name of publisher, distributor, etc. | Presses de l’Université Toulouse Capitole, |
| Date of publication, distribution, etc. | 2025. |
| 300 ## - PHYSICAL DESCRIPTION | |
| Extent | 95 p. |
| 500 ## - GENERAL NOTE | |
| General note | Ebook |
| 520 ## - SUMMARY, ETC. | |
| Summary, etc. | Les causes d’irresponsabilité pénale n’en finissent pas de nourrir l’actualité juridique et médiatique. L’irresponsabilité liée à la minorité ou à l’abolition du discernement pour trouble psychique ou neuro-psychique fait ainsi presque systématiquement l’objet d’une remise en cause lorsqu’elle est mise en œuvre. D’autres causes d’irresponsabilité sont plus discrètes, la contrainte ou l’ordre de l’autorité légitime, qui n’en recèlent pas moins des difficultés de mise en œuvre évidentes. D’autres, enfin, apparaissent, que ce soit sous l’action du législateur ou de la jurisprudence, et viennent perturber la cohérence d’ensemble d’un système déjà fragile.Cet ouvrage, fruit d’un colloque qui aurait dû être organisé à la Faculté de droit de La Rochelle Université en mars 2020, vise à questionner ces causes d’irresponsabilité dans ce qu’elles sont en même temps que dans la manière dont elles sont conçues. Il est surtout, des années après une manifestation scientifique empêchée par la crise liée au Covid19, une manière d’achever un travail collectif qui aura été frappé de plein fouet par les péripéties de son temps. |
| 540 ## - TERMS GOVERNING USE AND REPRODUCTION NOTE | |
| Terms governing use and reproduction | OpenEdition Books License |
| Uniform Resource Identifier | <a href="https://www.openedition.org/12554">https://www.openedition.org/12554</a> |
| 650 #4 - SUBJECT ADDED ENTRY--TOPICAL TERM | |
| Topical term or geographic name entry element | Law |
| Topical term or geographic name entry element | ordre de l'autorité légitime |
| Topical term or geographic name entry element | remise en cause |
| Topical term or geographic name entry element | charge de la preuve |
| 700 1# - ADDED ENTRY--PERSONAL NAME | |
| Personal name | Recotillet, Méryl |
| 776 ## - ADDITIONAL PHYSICAL FORM ENTRY | |
| International Standard Book Number | 978-2-36170-308-0 |
| 856 4# - ELECTRONIC LOCATION AND ACCESS | |
| Data provenance | Cazalbou, Paul |
| Uniform Resource Identifier | <a href="https://books.openedition.org/putc/24065">https://books.openedition.org/putc/24065</a> |
| Link text | L'irresponsabilité pénale en questions |
Pas d'exemplaire disponible.
